First Lines of Guns N' Roses Songs - Statistics

General Stats
  • This quiz has been taken 67 times
  • The average score is 7 of 8
Answer Stats
Hint Answer % Correct
She's got a smile that it seems to meReminds me of childhood memories Sweet Child O' Mine
100%
... We've got fun and games Welcome to the Jungle
100%
... Where the grass is green and the girls are pretty Paradise City
98%
Every time I look into your eyes, I see a love restrained November Rain
92%
Look at your young men fightingLook at your women crying Look at your young men dying The way they always done before Civil War
85%
Loaded Like a freight train Flying like an aeroplane Feeling like a space brain Nightrain
83%
I see your sister in her sunday dress It's So Easy
64%
If I say I don't need anyone, I could say these things to you Rocket Queen
59%
No matching quizzes found
Score Distribution
Percent of People with Each Score
Percentile by Number Answered
Your Score History
You have not taken this quiz